000 00665nam a2200193 4500
003 LK-CoMWRAF
008 231207b1992 |||||||| |||| 00| 0 eng d
040 _aLK-CoMWRAF
_dLK-CoMWRAF
_eLK-CoMWRAF
041 _aeng
082 _a305.42
_bWOM
111 _aTHIRD NATIONAL CONVENTION ON WOMEN'S STUDIES
_c( Colombo
_d4-7 th March, 1992)
245 _aThird national convention on women's studies:
_bWomen & politics
260 _a Colombo:
_bCentre for Women's Research,
_c 1992
300 _a37 p.
650 _aWomen's rights- Sri Lanka- Congresses |
650 _aWomen's studies- Sri Lanka- Congresses
710 _aCentre for Women's Research
942 _cCP
999 _c4307
_d4307